000 00358nam a2200145Ia 4500
008 210210b1970 xxu||||| |||| 00| 0 eng d
082 _a512.7 SAMA
100 _aSAMUEL (Pierre).
245 _aAlgebraic theory of numbers.
260 _aFrance
_bHermann
_c1970
300 _a109
650 _aAlgebraic theory numbers
690 _aAlgebra
906 _a040423
999 _c90379
_d90379